[Event "Bazna Kings 3rd"]
[Site "Bazna"]
[Date "2009.06.15"]
[Round "2"]
[White "Shirov, Alexei"]
[Black "Ivanchuk, Vassily"]
[Result "1/2-1/2"]
[WhiteElo "2745"]
[BlackElo "2746"]
[Annotator "CB"]
[PlyCount "129"]
[EventDate "2009.06.14"]
[EventType "tourn"]
[EventRounds "10"]
[EventCountry "ROU"]
[EventCategory "20"]
[SourceTitle "CBM 131"]
[Source "ChessBase"]
[SourceDate "2009.07.15"]
[SourceVersion "1"]
[SourceVersionDate "2009.07.15"]
[SourceQuality "1"]

1. e4 c5 2. Nf3 Nc6 3. Bb5 Nf6 4. Nc3 Qc7 5. O-O a6 6. Bxc6 dxc6 7. e5 Nd5 8.
Ne4 Bg4 {In this variation Black is ready to sac the pawn c5 in order to build
a pressure on White's center.} 9. c4 {A rare move, played only once before.} ({
The main continuation is} 9. Nxc5 {Then after} e6 10. Nd3 Rd8 {Black has a
good compensation for the pawn.}) 9... Nb4 {This is a new move. In the only
available game Black retreated the knight to b6.} 10. d4 O-O-O 11. Nxc5 e6 {#}
12. Nxb7 {Fire on board! The move is good, but as stated by Alexey after the
game he miscalculated something. White's idea is to destroy opponent's pawn
formation and then to catch opponent's knight on b4.} Qxb7 13. a3 Bxf3 14. gxf3
{#} (14. Qxf3 $2 Nc2 {and Black saves the knight}) 14... Rxd4 {A counter-sac
by Ivanchuk! The Ukrainian is not willing to hand the initiative over to his
opponent.} 15. Qxd4 Nc2 16. Qd3 {This move is based on a miscalculation.} ({
Correct was} 16. Qc3 Nxa1 17. b4 c5 18. Bd2 {and here Ivanchuk was going to
play} Be7 {(another option is to take everything on b4 and then play Nc2)} 19.
Rxa1 Rd8 {with compensation for the pawn}) 16... Nxa1 17. b4 ({Here Shirov
noticed that the planned} 17. Bg5 {runs into} f6 18. exf6 gxf6 19. Bxf6 Bg7 $1
20. Bxg7 Qxg7+ {with check!}) 17... Be7 18. Bb2 Rd8 19. Qc3 Qd7 $1 20. Rxa1 Qd2
21. Qxd2 Rxd2 22. Bc1 ({After} 22. Bc3 Rc2 23. Bd4 Rxc4 {Black enjoys the
advantage with equal material.}) 22... Rd1+ 23. Kg2 {# In spite of being a
pawn down Black has the advantage.} c5 (23... Bh4 $5) 24. b5 axb5 25. cxb5 c4 (
25... Bg5 {brings nothing due to} 26. Bb2 Rd2 27. Bc1 {and Black must repeat
the position.}) 26. a4 c3 27. a5 Bg5 28. f4 $1 {Great defense by Shirov. He
needs the bishop on f4 in order to attack it later with the rook.} Bxf4 29. a6
Rxc1 30. Ra4 $1 {Now Black is forced to return the extra piece.} Kb8 (30... Bg5
{loses obviously after} 31. a7) 31. Rxf4 Rb1 32. Rxf7 c2 33. b6 Rxb6 34. a7+
Ka8 35. Rc7 Rb2 {Diagram 4} 36. Kg3 g6 37. h4 h6 38. f3 Ra2 39. Kg4 Rb2 40. f4
Ra2 41. h5 g5 42. fxg5 Ra4+ 43. Kf3 Ra3+ 44. Ke4 Ra4+ 45. Kd3 hxg5 46. Rxc2 Rh4
47. Rc8+ Kxa7 48. Rh8 Kb6 49. h6 Kc6 50. h7 Kb7 51. Ke3 Ka7 52. Kf3 Rf4+ 53.
Kg3 Rh4 54. Re8 Rxh7 55. Kg4 Kb7 56. Rxe6 Kc7 57. Ra6 Rh1 58. Rd6 Re1 59. Kf5
g4 60. Rd3 g3 61. Rxg3 Kd7 62. Rg7+ Ke8 63. Ke6 Kf8 64. Rf7+ Ke8 65. Rf2
1/2-1/2

[Event "Paris FIDE GP"]
[Site "Elancourt"]
[Date "2013.09.30"]
[Round "8"]
[White "Caruana, Fabiano"]
[Black "Gelfand, Boris"]
[Result "1-0"]
[WhiteElo "2779"]
[BlackElo "2764"]
[Annotator "Caruana,F"]
[PlyCount "89"]
[EventDate "2013.09.22"]
[EventType "tourn"]
[EventRounds "11"]
[EventCountry "FRA"]
[EventCategory "20"]
[SourceTitle "CBM 157"]
[Source "ChessBase"]
[SourceDate "2013.11.12"]
[SourceVersion "1"]
[SourceVersionDate "2013.11.12"]
[SourceQuality "1"]

{This game was played the day after I lost horribly to Nakamura. I realized
that I needed a win to stay in contention for first place.} 1. e4 c5 2. Nf3 Nc6
3. Bb5 e6 4. O-O Nge7 5. d4 $5 {Not a new move, but by far not the most common
one. Last time against Boris I played 5.Re1 and won after a long struggle.}
cxd4 6. Nxd4 Qb6 ({A week later Teimour Radjabov played} 6... Ng6 {and
although I won that game, it didn't have much to do with the opening.}) 7. Nxc6
bxc6 8. Bd3 {In many correspondence games White players preferred to place the
bishop on e2, but to me this seems more natural.} Ng6 9. c4 Be7 {Boris already
had an important choice of where to place his bishop. On c5 also makes sense,
although there it may be bothered by Na4.} 10. Nc3 O-O 11. Rb1 {Preparing Be3
and later the rook might support b4.} Qc7 12. Be3 ({If I immediately play} 12.
f4 {Black can consider} d5 $5 13. cxd5 cxd5 14. exd5 exd5 15. Nxd5 Qc5+ 16. Ne3
Bb7 {, with good compensation.}) 12... e5 $2 {This seems like a serious
positional error to me. Black's biggest problem in this position is his knight
on g6, and after my next move it will be very difficult to get it back in the
game.} (12... Nf4 $1 13. Bc2 e5 {, quickly bringing the knight to e6, was a
stronger alternative. White still retains some advantage, but Black would have
good chances to fully equalize.}) 13. g3 $1 d6 ({Preventing b4 with} 13... Rb8
{doesn't help:} 14. c5 d6 15. cxd6 Bxd6 16. Qa4 {, and the weakness of c6 will
haunt Black for the remainder of the game.}) 14. b4 {Now I just arrange b5 and
create an outpost on d5.} Be6 (14... a6 15. a4 {changes nothing.}) 15. Qd2 Rac8
{Black's defensive task is unenviable, but this move makes it even worse. He
had to keep a7 protected.} 16. b5 Bd8 17. Rfc1 {White's play is so simple,
it's almost impossible to screw it up as I usually manage.} Qd7 18. bxc6 Rxc6
19. Nd5 Bb6 $5 {Boris sacrifices a pawn as a last resort. There weren't many
other options available to him.} ({For example,} 19... Ne7 20. c5 $1 Nxd5 21.
exd5 Bxd5 22. Bxh7+ (22. Bb5 Bf3 23. Bxc6 Qxc6 24. cxd6 Qd7 {doesn't look
entirely clear to me, but the machine assures me White is winning after} 25.
Qd3) 22... Kxh7 23. Qxd5 {, and White has an enormous advantage.}) ({Lashing
out with} 19... f5 {won't solve Black's problems.} 20. exf5 Bxf5 21. Rb8 {
Not the only good move, but a very effective one.} e4 22. Be2 Ne5 23. Rcb1 $1 {
, and White will invade on b7.}) 20. Nxb6 axb6 21. Bxb6 {White has won a pawn,
but Black has solved many of his positional problems. After some time I
understood that the advantage isn't easy to convert.} Ra8 22. Bf1 Qc8 23. Rb4
Nf8 24. a4 Nd7 25. a5 h6 {So what's next? It seems like White has hit an
impasse, as there is no way to further advance the a-pawn. I decided to
prepare f4.} 26. h4 Kh7 27. Qe3 Nc5 28. f4 exf4 $5 {This shocked me, and then
I got worried. Objectively speaking White is totally winning here, but in time
trouble the position can get a bit messy.} ({I thought} 28... f6 {was the only
move, but naturally Boris wanted to avoid the sad fate that awaited him after}
29. f5 Bf7 30. g4 {, and next g5 steamrolling Black.}) 29. gxf4 f5 30. exf5
Bxf5 31. Re1 $1 {At first Houdini wants to play 31.Rb5, but when he gets to
around depth 25 he begins to like my move! I didn't really see any relevant
variations but based my play on preventing Re8.} (31. Bg2 $2 Nd3 {is obviously
not what I want.}) (31. Rd1 Qf8 {, with Re8 coming next worried me.}) 31... d5
{Black is committed, of course, so he doesn't hesitate to sacrifice more
material to sustain his initiative.} (31... Be4 32. Bxc5 (32. Bh3 Bf5 {is
Black's tricky point.}) 32... Qg4+ 33. Kf2 Qxh4+ 34. Qg3 Qxg3+ 35. Kxg3 dxc5
36. Rb5 Bf5 37. Re5 {is more or less winning.}) 32. cxd5 Rg6+ 33. Kf2 Nd7 34.
h5 Rg4 35. Bh3 (35. d6 $1 {is how the machine wins this position, but this is
just too cool for me.}) 35... Nf6 (35... Nxb6 {would have made things very
tricky for me. Although there are many ways to win, none of them are easy:} 36.
Bxg4 (36. axb6 {might be enough, but you have to be a genius (or Borislav
Ivanov) to evaluate it correctly:} Ra2+ 37. Re2 Rxe2+ 38. Kxe2 Qc2+ 39. Ke1
Rg1+ (39... Rh4 40. Bxf5+ Qxf5 41. Qe4 $18) 40. Qxg1 Qc3+ 41. Kf2 Qd2+ 42. Kf3
$1 Qxd5+ 43. Kg3 Qd3+ 44. Kg2 Bxh3+ (44... Qxh3+ 45. Kf2) 45. Kh2 Qd2+ (45...
Bf5 46. Qg2) 46. Kxh3 Qxb4 {, and even here White's technical task isn't
simple.}) 36... Nxd5 37. Qe4 $1 (37. Bxf5+ $2 Qxf5 38. Qe4 Qxe4 39. Rbxe4 Rxa5
{is close to a draw.}) 37... Bxe4 38. Bxc8 Nxb4 39. Rxe4 Rxc8 40. Rxb4 Ra8 (
40... Rc2+ 41. Ke3 Ra2 42. Rb5 Ra4 43. Kf3 {, bringing the king round to f5
wins.}) 41. Rb5 $1 {Not going behind the pawn is best! Now White just marches
the king forward with an easy win.}) 36. Qc1 $1 {Accurate.} Qf8 37. Rc4 Qf7 38.
Bxg4 Nxg4+ 39. Kg1 Qxh5 {This looks scary, but White has too many pieces
defending.} 40. Qd2 Qh4 41. Re2 (41. Rc3 Rc8 42. Re2 Rxc3 43. Qxc3 Be4 44. Rxe4
Qh2+ 45. Kf1 Qh1+ 46. Ke2 Qxe4+ 47. Kd2 {was a variation I calculated during
the game. I felt White should win but of course what I played is much cleaner.}
) 41... Rf8 42. Rc3 Qh5 43. d6 Rf6 44. d7 Rg6 45. Rg2 {A very important win
for me. After some further dramatic events, especially in the crazy game
Nakamura-Gelfand, I shared first with Boris.} 1-0

[Event "Politiken Cup 18th"]
[Site "Copenhagen"]
[Date "1996.??.??"]
[Round "6"]
[White "Hector, Jonny"]
[Black "Bogdanovich, Grigory Grigorievic"]
[Result "0-1"]
[WhiteElo "2520"]
[BlackElo "2375"]
[Annotator "Chekhov,V"]
[PlyCount "130"]
[EventDate "1996.06.??"]
[EventType "swiss"]
[EventRounds "11"]
[EventCountry "DEN"]
[SourceTitle "CBM 054"]
[Source "ChessBase"]
[SourceDate "1996.10.01"]
[SourceVersion "1"]
[SourceVersionDate "1996.10.01"]
[SourceQuality "1"]

1. e4 {Baburin} c5 2. Nf3 Nc6 3. Nc3 Nf6 4. Bb5 e5 5. Bxc6 dxc6 6. Nxe5 Nxe4 7.
Nxe4 Qd5 8. Qe2 Qxe5 9. d4 (9. f4 $5 Qxf4 10. d4 (10. Nf6+ Kd8 11. Qe8+ Kc7 12.
Qxf7+ Kd8 13. Qe8+ Kc7 $10 {Korneev,O-Murey,J/Paris/1995/0,5/15/}) 10... Qh4+
11. g3 Qe7 12. Bg5 f6 13. O-O-O fxg5 14. dxc5 Qe5 15. Rhe1 Be6 16. Qh5+ g6 17.
Qxg5 Qxg5+ 18. Nxg5 Bh6 19. Rxe6+ Kf8 20. h4 $16 {Plaskett,J-Murrey,J/Gausdal/
1986/0,5/37/}) 9... cxd4 10. f4 Qa5+ (10... Qe6 $6 11. f5 d3 12. cxd3 Bb4+ 13.
Bd2 Bxd2+ 14. Qxd2 Qe5 15. O-O O-O 16. f6 $36 {Tischbierek,R-Gauglitz,G/Halle/
1987/1|0/31/}) (10... Qe7 11. f5 Bd7 12. Bf4 d3 13. Nd6+ Kd8 14. Qxe7+ Kxe7 15.
g4 g5 16. Bg3 Bg7 17. O-O-O h5 18. Rxd3 $16 {Sutovskij,E-Gorelov,S/Gdynia/1991/
1|0/28/}) 11. Bd2 Bb4 12. c3 (12. Nd6+ Kd7 13. Nxf7 Bxd2+ 14. Qxd2 Qxd2+ 15.
Kxd2 Rf8 16. Ne5+ Ke6 $10 {Lakic,S-Bakic,R/Kladovo/1992/0,5/17/}) 12... Be7 13.
Nd6+ (13. cxd4 Qd5 $15) 13... Kf8 14. Nxc8 (14. cxd4 Qd5 15. Nxc8 Rxc8 $15)
14... Rxc8 15. O-O Re8 16. cxd4 Bb4 17. Be3 $6 (17. Bxb4+ Qxb4 18. Qf2 $132)
17... Qd5 18. Kh1 f5 {Baburin: White came out of the opening with a terrible
position - not only is the d4 pawn isolated with many pieces came off, but the
bishop is a very passive one, being limited by the f4-pawn as well.
Strategically Black is winning.} 19. a3 Bd6 20. Rae1 Kf7 21. Qh5+ g6 22. Qh3 h5
$17 23. Bd2 Rxe1 24. Rxe1 Re8 25. Rxe8 Kxe8 26. Qe3+ Kf7 27. Kg1 Qe6 (27... Bc7
$22 28. Kf2 Bb6 29. Bc3 c5) 28. Qd3 b5 29. Kf2 Qd5 30. g3 Bc7 31. Be3 a6 32. a4
Qc4 33. Qa3 (33. Ke2 Qxa4 (33... Qxd3+ 34. Kxd3 Ke6 35. axb5 cxb5 $19) 34. d5
Qc4 35. Qxc4 bxc4 36. dxc6 Ke6 37. Kd2 Kd5 38. Kc3 Ba5+ $19) (33. Qxc4+ bxc4
34. Ke2 Ke6 35. Kd2 Kd5 36. Kc3 Ba5+ 37. Kc2 Bd8 38. Kc3 Bf6 $19) 33... bxa4 (
33... Qxa4 34. Qc5 $22 Qc4 35. Qa7) 34. h4 Qc2+ 35. Kg1 Qb3 $19 36. Qa1 Bb6 (
36... Qxe3+ $19) 37. Kf2 Qc2+ 38. Kg1 Qd3 39. Bf2 Bxd4 40. Bxd4 Qxd4+ 41. Kh2
c5 42. Kh3 Ke6 43. Qf1 c4 44. Qa1 Qd5 45. Kh2 Qd2+ 46. Kh3 Qc2 47. Qh1 Qe4 48.
Qg1 Kd5 49. Qd1+ Kc5 50. Kh2 Qd4 51. Qa1 Qd2+ (51... Kb5 $19) 52. Kh3 Kd4 53.
Qa3 Qc1 54. Kh2 Ke4 55. Kg2 Qd2+ 56. Kh3 Qc2 57. Qa1 Qe2 58. Qa3 (58. Qxa4 Kf3
59. Qc6+ Kf2 60. Qg2+ Ke1 61. Qc6 (61. Qg1+ Qf1+ $19) 61... Qe4 $19) 58... Qf3
59. Qa1 (59. Qe7+ Kd3 60. Qa3+ Ke2 $19) 59... Qg4+ 60. Kg2 Qe2+ 61. Kh3 Kf3 62.
Qh1+ Kf2 63. Qg2+ Ke1 64. Qd5 (64. Qg1+ Qf1+ $19) 64... Qe4 65. Qe5 Kf2 (65...
Kf1 $19) 0-1

[Event "Interzonal-16"]
[Site "Biel"]
[Date "1993.??.??"]
[Round "13"]
[White "Huebner, Robert"]
[Black "Gulko, Boris F"]
[Result "1/2-1/2"]
[WhiteElo "2605"]
[BlackElo "2635"]
[Annotator "ChessBase"]
[PlyCount "40"]
[EventDate "1993.07.16"]
[EventType "swiss"]
[EventRounds "13"]
[EventCountry "SUI"]
[SourceTitle "CBM 037"]
[Source "ChessBase"]
[SourceDate "1993.12.01"]
[SourceVersion "1"]
[SourceVersionDate "1993.12.01"]
[SourceQuality "1"]

1. e4 c5 2. Nf3 Nc6 3. Bb5 e6 4. Bxc6 bxc6 5. O-O Ne7 6. d3 Ng6 7. Nbd2 Be7 8.
Nb3 (8. Nc4 d5) (8. e5 f6 9. Nc4 O-O $10) 8... e5 9. c3 O-O 10. Re1 d6 11. d4
exd4 12. cxd4 c4 13. Nbd2 d5 14. Nf1 Bb4 15. Bd2 Rb8 16. Bxb4 Rxb4 17. b3 cxb3
18. axb3 Rb6 19. N1d2 Bg4 20. Ra4 Nh4 1/2-1/2

[Event "Rostock-08 IM Group"]
[Site "Rostock"]
[Date "1982.08.14"]
[Round "1"]
[White "Tischbierek, Raj"]
[Black "Lanc, Alois"]
[Result "0-1"]
[WhiteElo "2370"]
[BlackElo "2410"]
[Annotator "ChessBase"]
[PlyCount "68"]
[EventDate "1982.08.14"]
[EventType "tourn"]
[EventRounds "9"]
[EventCountry "DDR"]
[EventCategory "4"]
[SourceTitle "MCL"]
[Source "ChessBase"]
[SourceDate "1999.07.01"]
[SourceVersion "1"]
[SourceVersionDate "1999.07.01"]
[SourceQuality "1"]

1. e4 c5 2. Nf3 Nc6 3. Nc3 e5 4. Bc4 g6 5. d3 Bg7 6. Bg5 f6 7. Bh4 Nge7 8. a3
d6 9. h3 a6 10. O-O h5 11. b4 cxb4 12. axb4 Nxb4 13. d4 g5 14. Bxg5 $2 (14.
Nxg5 $5) 14... fxg5 15. Nxg5 Ned5 $1 16. Nxd5 Nxd5 17. Bb5+ Kf8 18. h4 Nf4 19.
Bc4 Qc7 20. Bb3 Bf6 21. g3 Nh3+ 22. Kh2 Nxg5 23. hxg5 Bxg5 24. dxe5 dxe5 25. f4
exf4 26. Qd5 Bh6 27. Rxf4+ Bxf4 28. Rf1 h4 29. Rxf4+ Ke8 30. Qg5 hxg3+ 31. Kg2
Bh3+ 32. Kf3 Qc3+ 33. Ke2 Bg4+ 34. Qxg4 Rh2+ 0-1

[Event "Paris FIDE GP"]
[Site "Elancourt"]
[Date "2013.09.25"]
[Round "4"]
[White "Bacrot, Etienne"]
[Black "Gelfand, Boris"]
[Result "1/2-1/2"]
[WhiteElo "2723"]
[BlackElo "2764"]
[Annotator "ChessBase Website"]
[PlyCount "67"]
[EventDate "2013.09.22"]
[EventType "tourn"]
[EventRounds "11"]
[EventCountry "FRA"]
[EventCategory "20"]
[SourceTitle "CBM 157"]
[Source "ChessBase"]
[SourceDate "2013.11.12"]
[SourceVersion "1"]
[SourceVersionDate "2013.11.12"]
[SourceQuality "1"]
[TimeControl "40/7200:20/3600:900+30"]
[WhiteClock "2:00:00"]
[BlackClock "2:00:00"]

1. e4 {[%emt 0:00:03]} c5 {[%emt 0:00:04]} 2. Nf3 {[%emt 0:00:05]} Nc6 {
[%emt 0:00:26] The Israeli player keeps faithful to his Sveshnikov Sicilian,
something no one has yet been able to crack, and Bacrot would have none of that
} 3. Bb5 {[%emt 0:00:09] He chose 3.Bb5, the Rossolimo, to avoid the big lines
of theory of the dreaded "B33" (the ECO code of the Sveshnikov) but also in
this line that he chose Gelfand had little to worry about and he equalized,
transposed into an endgame and drew.} e6 {[%emt 0:00:01]} 4. O-O {[%emt 0:00:
31]} Nge7 {[%emt 0:00:38]} 5. Re1 {[%emt 0:00:07]} (5. c3) 5... a6 {[%emt 0:00:
02]} 6. Bf1 {[%emt 0:00:18]} d5 {[%emt 0:00:26]} 7. exd5 {[%emt 0:00:10]} Nxd5
{[%emt 0:01:10]} 8. d4 {[%emt 0:00:10]} Nf6 {[%emt 0:00:13]} 9. Be3 {[%emt 0:
00:10]} Be7 {[%emt 0:00:05]} 10. c4 {[%emt 0:04:19]} O-O {[%emt 0:01:43]} 11.
Nc3 {[%emt 0:00:45]} cxd4 {[%emt 0:00:39]} 12. Nxd4 {[%emt 0:00:04]} Ne5 {
[%emt 0:00:09]} 13. h3 {[%emt 0:02:50]} Bd7 {[%emt 0:00:50]} 14. Qb3 $146 {
[%emt 0:00:14]} (14. Rc1 Rc8 15. Qb3 Qc7 16. Na4 Rcd8 17. Qb6 Qxb6 18. Nxb6 Be8
19. a3 Ned7 20. Nb3 Nxb6 21. Bxb6 Rc8 22. Be3 Rb8 23. Bc5 Bxc5 24. Nxc5 Bc6 25.
b4 Rfc8 26. Red1 Kf8 27. f3 Ke7 28. Kf2 Nd7 29. Nxd7 Bxd7 30. c5 Ba4 31. Rd3
Rd8 32. Ke3 Bb5 33. Rxd8 Rxd8 34. Bxb5 axb5 35. c6 bxc6 36. Rxc6 Ra8 37. Rb6
Rxa3+ 38. Kf4 f5 39. Rxb5 Kf6 40. h4 Rd3 {1/2-1/2 (40) Anand,V (2786)-Gelfand,
B (2755) Moscow 2013}) 14... Qc7 {[%emt 0:01:31]} 15. Rad1 {[%emt 0:00:09]}
Rfd8 {[%emt 0:00:47] The game actually followed the important game between
Anand and Gelfand himself but it was clearly the Israeli that had learned more
from that encounter than anything the Frenchman was able to extract from the
duel.} 16. Nc2 {[%emt 0:00:52]} Bc5 $11 {[%emt 0:06:26]} 17. Bxc5 {[%emt 0:00:
29]} Qxc5 {[%emt 0:00:21]} 18. Qb4 {[%emt 0:00:45]} Qxb4 {[%emt 0:15:40]} 19.
Nxb4 {[%emt 0:01:17]} Nc6 {[%emt 0:06:39]} 20. Nd3 {[%emt 0:00:41]} Be8 {
[%emt 0:01:14]} 21. Nc5 {[%emt 0:02:56]} Rxd1 {[%emt 0:05:18]} 22. Rxd1 {
[%emt 0:00:09]} b6 {[%emt 0:00:01]} 23. N5e4 {[%emt 0:17:47]} Nxe4 {[%emt 0:02:
37]} 24. Nxe4 {[%emt 0:00:02]} Kf8 {[%emt 0:01:11]} 25. f4 {[%emt 0:02:50]} Ke7
{[%emt 0:03:54]} 26. Kf2 {[%emt 0:00:07]} a5 {[%emt 0:00:40]} 27. Ke3 {[%emt 0:
00:34]} Nb4 {[%emt 0:02:32]} 28. Nc3 {[%emt 0:03:18]} a4 {[%emt 0:08:16]} 29.
Be2 {[%emt 0:04:31]} Rc8 {[%emt 0:05:51]} 30. Rd2 {[%emt 0:01:42]} Rc5 {
[%emt 0:05:11]} 31. Ne4 {[%emt 0:02:30]} Rc7 {[%emt 0:01:42]} 32. Nc3 {[%emt 0:
00:29]} Rc5 {[%emt 0:00:07]} 33. Ne4 {[%emt 0:00:06]} Rc7 {[%emt 0:00:06]} 34.
Nc3 {[%emt 0:00:05]} 1/2-1/2

[Event "Cappelle op 29th"]
[Site "Cappelle la Grande"]
[Date "2013.02.27"]
[Round "6"]
[White "Hansen, Eric"]
[Black "Vovk, Yuri"]
[Result "1-0"]
[WhiteElo "2557"]
[BlackElo "2594"]
[Annotator "ChessBase Website"]
[PlyCount "43"]
[EventDate "2013.02.23"]
[EventType "swiss"]
[EventRounds "9"]
[EventCountry "FRA"]
[SourceTitle "CBM 153 Extra"]
[Source "ChessBase"]
[SourceDate "2013.04.22"]
[SourceVersion "1"]
[SourceVersionDate "2013.04.22"]
[SourceQuality "1"]

1. e4 c5 2. Nf3 Nc6 3. Bb5 e6 4. O-O Nge7 5. Re1 a6 6. Bxc6 Nxc6 7. d4 cxd4 8.
Nxd4 b6 {The theoretical novelty.} (8... Bb4 9. c3 Be7 10. Qg4 g6 11. e5 h5 12.
Qe4 Qc7 13. Nxc6 bxc6 14. Nd2 Bb7 15. Nc4 c5 16. Qd3 h4 17. h3 Rh5 18. Bf4 a5
19. Rad1 Bd5 20. Nd6+ Kf8 21. c4 Bc6 22. Qe3 Rb8 23. Re2 Ba8 24. Rd3 Kg8 25.
Red2 Qc6 26. f3 Qa6 27. Rb3 Rxb3 28. Qxb3 Bxd6 29. Rxd6 Bc6 30. Qb8+ Kg7 31.
Qd8 Qxc4 32. Bg5 Rxg5 33. Qxg5 Qxa2 34. Qd2 a4 35. Rd3 Qc4 36. Rc3 Qb4 37. Rc2
Qxd2 38. Rxd2 {Jones,G (2654)-Polgar,J (2693) London 2013 0-1 (67)}) 9. Nxc6 {
It certainly had to be expected.} dxc6 {However it is unlikely Black saw} 10.
Nd2 {coming instead of the queen swap. The move played not only prevents the
exchange, but is very flexible, allowing for Nc4, hitting any number of
squares, or Nf3 depending on where the wind blows.} Be7 11. Qg4 O-O 12. e5 f5
13. exf6 Rxf6 14. Nf3 e5 15. Qe4 {Black is losing a pawn for no compensation.}
Bf5 16. Qxe5 Bd6 17. Qc3 Qc7 {On the surface, one would thing Black has some
decent compensation such as the bishop pair, with open lines, but he lacks
concrete threats, and his own king is actually more exposed.} 18. Bg5 Rf7 19.
Bh4 {Preparing Bg3 to solidify his material advantage.} Bg4 20. Ng5 $1 Bxh2+
21. Kh1 Rf4 22. Kxh2 {and any discovered check is met by Bg3.} 1-0

[Event "Lisbon Masters"]
[Site "Lisbon"]
[Date "1996.??.??"]
[Round "9"]
[White "Galego, Luis"]
[Black "Cordovil, Joao Maria"]
[Result "1-0"]
[WhiteElo "2445"]
[BlackElo "2310"]
[Annotator "Costa,L"]
[PlyCount "77"]
[EventDate "1996.??.??"]
[EventType "tourn"]
[EventRounds "9"]
[EventCountry "POR"]
[EventCategory "4"]
[SourceTitle "CBM 051 Extra"]
[Source "ChessBase"]
[SourceDate "1996.05.01"]
[SourceVersion "1"]
[SourceVersionDate "1996.05.01"]
[SourceQuality "1"]

1. e4 c5 2. Nf3 Nc6 3. Bb5 Nf6 4. Qe2 e6 (4... g6 5. Nc3 Bg7 6. e5 Ng4 7. Bxc6
dxc6 8. h3 Nh6 9. g4 O-O 10. d3 f5 11. g5 Nf7 12. Bf4 {+/- Dvorietzky,M-Simic,
R/USSR-Jugoslavia 1977}) 5. Bxc6 $146 (5. O-O Be7 6. Bxc6 bxc6 7. d3 O-O 8. b3
a5 9. Nc3 d5 10. Na4 Ba6 11. c4 d4 12. Ne5 Qc7 13. f4 Ne8 14. Ba3 f6 15. Nf3
Qa7 16. e5 $14 {Gross,S-Herczeg,T/Balatonbereny op (01) 1993}) 5... dxc6 6. O-O
Qc7 7. d3 e5 8. Nbd2 $14 b5 9. a4 a6 10. b3 Nh5 11. g3 g6 12. Bb2 f6 13. c3 Bh3
14. Rfd1 Qd7 15. Nh4 Rd8 16. axb5 axb5 17. Nf1 Be7 18. Ne3 O-O {[#]} 19. Nhg2 (
19. Nhf5 $5) 19... Qe6 20. c4 Ng7 21. Ra6 Rd6 22. f4 Rfd8 23. Bc3 b4 24. Bb2
Bf8 25. fxe5 fxe5 26. Ne1 Be7 27. Nf3 Bf6 28. Ra5 Qe7 29. Rxc5 Qa7 30. Rxe5 Qa2
31. Qc2 Bxe5 32. Nxe5 Qa7 33. c5 Re6 34. Nf3 Ree8 $6 (34... Qe7 $5) 35. Ng5 Be6
36. Nxe6 Nxe6 37. Ng4 $16 Qxc5+ $2 38. Qxc5 Nxc5 39. Rf1 1-0